[Event "BCF-chT3N 1920 (4NCL)"]
[Site "England"]
[Date "2020.02.09"]
[Round "6.15"]
[White "Collins, Richard Arnold"]
[Black "Tarr, Steve"]
[Result "1/2-1/2"]
[WhiteElo "1990"]
[BlackElo "1817"]
[PlyCount "69"]
[EventDate "2019.11.09"]
[EventType "team-swiss"]
[EventRounds "11"]
[EventCountry "ENG"]
[SourceTitle "EXT 2022"]
[Source "ChessBase"]
[SourceDate "2021.10.06"]
[SourceVersion "1"]
[SourceVersionDate "2021.10.06"]
[SourceQuality "1"]
[WhiteTeam "Manchester Manticores II"]
[BlackTeam "Shropshire II"]
[WhiteTeamCountry "ENG"]
[BlackTeamCountry "ENG"]

1. e4 c5 2. Nf3 d6 3. d4 cxd4 4. Nxd4 Nf6 5. Nc3 g6 6. Bc4 Bg7 7. 0-0 0-0 8. Bb3 Nc6 9. h3 Bd7 10. Be3 Rc8 11. a3 Na5 12. Qe2 Nxb3 13. Nxb3 a6 14. Rad1 Rxc3 15. bxc3 Nxe4 16. Bd4 Nxc3 17. Bxc3 Bxc3 18. Qf3 Qc7 19. Nd4 b6 20. Rd3 Rc8 21. Rb1 e5 22. Ne2 Ba5 23. Rbd1 e4 24. Qxe4 Bf5 25. Qf4 Bxd3 26. cxd3 Qe7 27. Kf1 Re8 28. Qf3 b5 29. g3 Bb6 30. Nf4 Bd4 31. Rc1 Qf6 32. Rc2 Be5 33. Qc6 Rd8 34. Nd5 Qe6 35. Kg2 1/2-1/2

[Event "BCF-chT3N 1718 (4NCL)"]
[Site "England"]
[Date "2018.02.10"]
[Round "5.36"]
[White "Collins, Richard Arnold"]
[Black "Gardiner, Eric D"]
[Result "1/2-1/2"]
[WhiteElo "1864"]
[BlackElo "1975"]
[PlyCount "65"]
[EventDate "2017.11.11"]
[EventType "team-swiss"]
[EventRounds "11"]
[EventCountry "ENG"]
[SourceTitle "EXT 2020"]
[Source "ChessBase"]
[SourceDate "2019.10.17"]
[SourceVersion "1"]
[SourceVersionDate "2019.10.17"]
[SourceQuality "1"]
[WhiteTeam "Manchester Manticores II"]
[BlackTeam "Bradford DCA Knights"]
[WhiteTeamCountry "ENG"]
[BlackTeamCountry "ENG"]

1. Nf3 d6 2. d4 Bg4 3. e3 Nd7 4. Be2 Ngf6 5. Nc3 e6 6. 0-0 Be7 7. e4 c6 8. Be3 0-0 9. Nd2 Bxe2 10. Qxe2 d5 11. a3 Nxe4 12. Ndxe4 dxe4 13. Nxe4 Nf6 14. Nxf6+ Bxf6 15. c3 Qd5 16. Rad1 Rfd8 17. Rd2 Rd7 18. Rfd1 Rad8 19. h3 Qe4 20. Kf1 h6 21. Qg4 Qxg4 22. hxg4 a6 23. Ke2 Kh7 24. g3 Kg6 25. Rh1 b5 26. Rh5 Rd5 27. Rxd5 cxd5 28. f4 Rh8 29. Rd1 Rb8 30. Rf1 Kh7 31. Rh1 Kg6 32. Rf1 Kh7 33. Rh1 1/2-1/2

[Event "BCF-chT3N 1617 (4NCL)"]
[Site "England"]
[Date "2016.11.27"]
[Round "2.61"]
[White "Turner, John M"]
[Black "Collins, Richard Arnold"]
[Result "1/2-1/2"]
[WhiteElo "2019"]
[BlackElo "1967"]
[PlyCount "28"]
[EventDate "2016.11.26"]
[EventType "team-swiss"]
[EventRounds "11"]
[EventCountry "ENG"]
[SourceTitle "EXT 2019"]
[Source "ChessBase"]
[SourceDate "2018.10.10"]
[SourceVersion "1"]
[SourceVersionDate "2018.10.10"]
[SourceQuality "1"]
[WhiteTeam "Holmes Chapel"]
[BlackTeam "Manchester Manticores IV"]
[WhiteTeamCountry "ENG"]
[BlackTeamCountry "ENG"]

1. e4 c6 2. Nc3 d5 3. Nf3 dxe4 4. Nxe4 Bf5 5. Ng3 Bg6 6. h4 h6 7. Ne5 Bh7 8. Qf3 Nf6 9. Qb3 Qd5 10. Qxb7 Qxe5+ 11. Be2 e6 12. Qxa8 Bc5 13. 0-0 Qxg3 14. d4 Bxd4 1/2-1/2

[Event "BCF-chT3Nd 1516 (4NCL)"]
[Site "England"]
[Date "2016.03.20"]
[Round "8.106"]
[White "Collins, Richard Arnold"]
[Black "Dean, Robert A"]
[Result "1/2-1/2"]
[WhiteElo "1930"]
[BlackElo "1780"]
[PlyCount "118"]
[EventDate "2016.03.20"]
[EventType "team-swiss"]
[EventRounds "11"]
[EventCountry "ENG"]
[SourceTitle "EXT 2017"]
[Source "ChessBase"]
[SourceDate "2016.10.25"]
[SourceVersion "1"]
[SourceVersionDate "2016.10.25"]
[SourceQuality "1"]
[WhiteTeam "Manchester Manticores III"]
[BlackTeam "Bradford DCA Knights III"]
[WhiteTeamCountry "ENG"]
[BlackTeamCountry "ENG"]

1. e4 e6 2. d4 d5 3. Nd2 c5 4. c3 cxd4 5. cxd4 Nc6 6. Ngf3 Nf6 7. e5 Ne4 8. Bd3 Bb4 9. 0-0 f5 10. Nb3 0-0 11. a3 Be7 12. Ne1 Bd7 13. f3 Ng5 14. Bxg5 Bxg5 15. f4 Be7 16. Nf3 Rc8 17. Rc1 Qb6 18. Be2 a5 19. Qd3 Na7 20. Qe3 Bb5 21. Bxb5 Qxb5 22. Nc5 Rc6 23. a4 Qb4 24. b3 Rfc8 25. Ne1 Bxc5 26. dxc5 Qe4 27. Qf2 Qb4 28. Qe3 Qa3 29. Nd3 Qxb3 30. Rb1 Qxa4 31. Rxb7 Nb5 32. Qg3 R6c7 33. Rxc7 Rxc7 34. Rb1 Qc4 35. h4 Rb7 36. Kh2 a4 37. Rb4 Qc2 38. Ne1 Qxc5 39. Rxa4 Nc7 40. Qg5 Rb8 41. Qg3 Rb1 42. Nf3 Qc1 43. Qf2 Rb2 44. Qg3 Qc2 45. Ra7 Qc5 46. Ra1 Rb4 47. Qg5 Rb8 48. Qg3 Qe3 49. Re1 Qc3 50. Rd1 Qc2 51. Rd2 Qc5 52. Qe1 Rb4 53. Kg3 Re4 54. Qd1 Qb4 55. Rc2 Rc4 56. Rxc4 Qxc4 57. Qa1 h6 58. Qa7 Kh7 59. Qb6 Qc1 1/2-1/2

[Event "BCF-chT3Na 1516 (4NCL)"]
[Site "England"]
[Date "2016.02.14"]
[Round "6.75"]
[White "Collins, Richard Arnold"]
[Black "White, Mark"]
[Result "0-1"]
[WhiteElo "1930"]
[BlackElo "2068"]
[PlyCount "74"]
[EventDate "2015.11.14"]
[EventType "team-swiss"]
[EventRounds "7"]
[EventCountry "ENG"]
[SourceTitle "EXT 2017"]
[Source "ChessBase"]
[SourceDate "2016.10.25"]
[SourceVersion "1"]
[SourceVersionDate "2016.10.25"]
[SourceQuality "1"]
[WhiteTeam "Manchester Manticores III"]
[BlackTeam "Jorvik"]
[WhiteTeamCountry "ENG"]
[BlackTeamCountry "ENG"]

1. d4 Nf6 2. c4 c5 3. d5 b5 4. cxb5 a6 5. b6 Qxb6 6. Nc3 g6 7. e4 d6 8. Bd3 Bg7 9. Nge2 0-0 10. 0-0 a5 11. Rb1 Ba6 12. h3 Nfd7 13. Bf4 Ne5 14. Bxa6 Nxa6 15. Bxe5 Bxe5 16. Qd2 Nc7 17. Qc2 Rab8 18. Rfe1 Qb4 19. b3 f5 20. f3 fxe4 21. fxe4 Bd4+ 22. Kh1 Rf2 23. Rf1 Rbf8 24. Rxf2 Rxf2 25. Qd3 Bxc3 26. Nxc3 Qd4 27. Rd1 Qf6 28. Kg1 Ne8 29. Rd2 Rf4 30. Rd1 Qe5 31. Re1 Ng7 32. Rf1 Nh5 33. Rf3 Rxf3 34. Qxf3 Ng3 35. Kf2 Nh5 36. Ne2 Nf6 37. Nc3 Qxc3 0-1

[Event "BCF-chT3 1415 (4NCL)"]
[Site "England"]
[Date "2015.03.21"]
[Round "7.60"]
[White "Collins, Richard Arnold"]
[Black "Kourtseva, Julie"]
[Result "1/2-1/2"]
[WhiteElo "1804"]
[BlackElo "1760"]
[PlyCount "55"]
[EventDate "2015.03.21"]
[EventType "team-swiss"]
[EventRounds "11"]
[EventCountry "ENG"]
[SourceTitle "EXT 2016"]
[Source "ChessBase"]
[SourceDate "2015.10.08"]
[SourceVersion "1"]
[SourceVersionDate "2015.10.08"]
[SourceQuality "1"]
[WhiteTeam "Manchester Manticores III"]
[BlackTeam "Midland Monarchs II"]
[WhiteTeamCountry "ENG"]
[BlackTeamCountry "ENG"]

1. d4 d5 2. c4 c6 3. cxd5 cxd5 4. Nc3 Nf6 5. Nf3 e6 6. Bg5 Nbd7 7. e3 Be7 8. Bd3 0-0 9. 0-0 a6 10. a4 b6 11. Qe2 Bb7 12. Rfc1 Ne4 13. Bxe7 Qxe7 14. Bxe4 dxe4 15. Nd2 f5 16. f4 exf3 17. gxf3 Rf6 18. e4 Rg6+ 19. Kh1 fxe4 20. Ncxe4 Nf6 21. Rg1 Rh6 22. Qe3 Kh8 23. Nxf6 Qxf6 24. Rac1 Rh3 25. Rg3 Rxg3 26. hxg3 Rf8 27. Rc3 Qg6 28. Kg2 1/2-1/2

[Event "Leyland op"]
[Site "Leyland"]
[Date "2010.08.28"]
[Round "1"]
[White "Surtees, Michael"]
[Black "Collins, Richard Arnold"]
[Result "1-0"]
[WhiteElo "2122"]
[BlackElo "1944"]
[PlyCount "39"]
[EventDate "2010.08.28"]
[EventType "swiss"]
[EventRounds "6"]
[EventCountry "ENG"]
[SourceTitle "CBM 138 Extra"]
[Source "ChessBase"]
[SourceDate "2010.10.29"]
[SourceVersion "1"]
[SourceVersionDate "2010.10.29"]
[SourceQuality "1"]

1. e4 e5 2. a3 Nf6 3. d3 d5 4. f4 Bg4 5. Be2 Bxe2 6. Nxe2 dxe4 7. fxe5 exd3 8. exf6 dxe2 9. Qxe2+ Kd7 10. fxg7 Bxg7 11. Qg4+ Kc6 12. Qxg7 Re8+ 13. Kf2 f6 14. Be3 Nd7 15. Rd1 Re7 16. Qg4 b6 17. Qf3+ Kb5 18. c4+ Ka6 19. b4 c6 20. b5+ 1-0